[Event "HUN-chT2 Erkel 1516"]
[Site "Hungary"]
[Date "2016.03.20"]
[Round "9.10"]
[White "Nagy, Zsolt"]
[Black "Karpati, Gabor"]
[Result "0-1"]
[WhiteElo "1828"]
[BlackElo "1854"]
[PlyCount "204"]
[EventDate "2015.09.13"]
[EventType "team-tourn"]
[EventRounds "11"]
[EventCountry "HUN"]
[SourceTitle "EXT 2017"]
[Source "ChessBase"]
[SourceDate "2016.10.25"]
[SourceVersion "1"]
[SourceVersionDate "2016.10.25"]
[SourceQuality "1"]
[WhiteTeam "Paszto"]
[BlackTeam "Foti"]
[WhiteTeamCountry "HUN"]
[BlackTeamCountry "HUN"]

1. e4 e6 2. d4 d5 3. Nc3 Nf6 4. e5 Nfd7 5. f4 c5 6. Nf3 Nc6 7. Be3 Qb6 8. Qd2 cxd4 9. Nxd4 Nxd4 10. Bxd4 Qd8 11. a3 Be7 12. Bd3 f6 13. Qe2 0-0 14. exf6 Nxf6 15. 0-0 Bd7 16. Rae1 Bd6 17. Bb5 Re8 18. Bxd7 Qxd7 19. Rf3 b6 20. Bxf6 gxf6 21. Rg3+ Kh8 22. Qg4 Qf7 23. b4 Rac8 24. Nb5 Bb8 25. Nd4 Bxf4 26. Qxf4 e5 27. Qd2 exd4 28. Rxe8+ Qxe8 29. h3 Qe5 30. Rd3 Rc3 31. Qh6 Qe1+ 32. Kh2 Qe7 33. Rxd4 Rxa3 34. Rf4 Qd6 35. g3 Rc3 36. Kh1 Rxg3 37. Rxf6 Rxh3+ 38. Qxh3 Qxf6 39. Qc8+ Kg7 40. Qd7+ Kg6 41. Qg4+ Qg5 42. Qe6+ Kh5 43. Qe2+ Kh4 44. Qh2+ Kg4 45. Qg2+ Kf4 46. Qd2+ Kg4 47. Qg2+ Kh5 48. Qe2+ Qg4 49. Qe5+ Kh4 50. Qe1+ Kg5 51. Qe5+ Qf5 52. Qg3+ Kf6 53. Qd6+ Qe6 54. Qf4+ Ke7 55. Qc7+ Qd7 56. Qe5+ Kd8 57. Qb8+ Qc8 58. Qd6+ Ke8 59. Qe5+ Kd7 60. Qxd5+ Kc7 61. Qe5+ Kb7 62. b5 Qxc2 63. Qd5+ Kb8 64. Qd8+ Qc8 65. Qd6+ Ka8 66. Qd3 h5 67. Kh2 h4 68. Qe4+ Kb8 69. Qxh4 Qc2+ 70. Kh3 Qb3+ 71. Kg2 Qxb5 72. Qd8+ Kb7 73. Qe7+ Ka6 74. Qa3+ Qa5 75. Qd3+ b5 76. Qd6+ Qb6 77. Qa3+ Kb7 78. Qe7+ Qc7 79. Qe3 Qc6+ 80. Kh2 a5 81. Kh3 b4 82. Qe7+ Kb6 83. Qd8+ Kb5 84. Qd3+ Ka4 85. Qd1+ b3 86. Qd4+ Kb5 87. Qd3+ Qc4 88. Qd7+ Kb4 89. Qd6+ Ka4 90. Qd7+ Ka3 91. Qd6+ Qb4 92. Qd3 Qc5 93. Qb1 Qc4 94. Qe1 a4 95. Qa1+ Kb4 96. Kg2 Qc2+ 97. Kf1 Qc3 98. Qd1 b2 99. Qd6+ Kb3 100. Qd1+ Ka3 101. Qd6+ Ka2 102. Qd5+ Ka1 0-1

[Event "HUN-chT2 Erkel 1516"]
[Site "Hungary"]
[Date "2015.10.04"]
[Round "2.11"]
[White "Karpati, Gabor"]
[Black "Kovacs, Judit"]
[Result "0-1"]
[WhiteElo "1859"]
[BlackElo "1950"]
[PlyCount "76"]
[EventDate "2015.09.13"]
[EventType "team-tourn"]
[EventRounds "11"]
[EventCountry "HUN"]
[SourceTitle "CBM 170 Extra"]
[Source "ChessBase"]
[SourceDate "2016.02.25"]
[SourceVersion "1"]
[SourceVersionDate "2016.02.25"]
[SourceQuality "1"]
[WhiteTeam "Foti"]
[BlackTeam "HASE"]
[WhiteTeamCountry "HUN"]
[BlackTeamCountry "HUN"]

1. d4 d5 2. c4 c6 3. Nc3 Nf6 4. Bf4 a6 5. e3 Bf5 6. Bd3 Bg6 7. h3 e6 8. cxd5 exd5 9. Nf3 Bb4 10. 0-0 Bxc3 11. bxc3 b5 12. a4 Bxd3 13. Qxd3 Ne4 14. Ne5 f6 15. Nf3 0-0 16. Nd2 Nxd2 17. Qxd2 Nd7 18. Bd6 Re8 19. a5 Nb6 20. Bb4 Nc4 21. Qd3 Qd7 22. Ra2 Re4 23. Qe2 Qf7 24. Qf3 Rae8 25. Qg3 f5 26. Rc2 f4 27. exf4 Rxf4 28. Ra1 Re6 29. Qg5 Ref6 30. Raa2 h6 31. Qg3 Rg6 32. Qd3 Rf3 33. Qe2 Rxh3 34. Ra1 Qf5 35. Re1 Qg5 36. Qe8+ Kh7 37. f3 Qf5 38. Ra2 Qxf3 0-1

[Event "HUN-chT2 Erkel 1415"]
[Site "Hungary"]
[Date "2014.11.30"]
[Round "3.11"]
[White "Karpati, Gabor"]
[Black "Wanger, Tamas"]
[Result "1/2-1/2"]
[WhiteElo "1835"]
[BlackElo "1975"]
[PlyCount "45"]
[EventDate "2014.09.28"]
[EventType "team-tourn"]
[EventRounds "9"]
[EventCountry "HUN"]
[SourceTitle "EXT 2016"]
[Source "ChessBase"]
[SourceDate "2015.10.08"]
[SourceVersion "1"]
[SourceVersionDate "2015.10.08"]
[SourceQuality "1"]
[WhiteTeam "Fot"]
[BlackTeam "BEAC"]
[WhiteTeamCountry "HUN"]
[BlackTeamCountry "HUN"]

1. Nf3 Nf6 2. d4 e6 3. c4 d5 4. Nc3 c6 5. cxd5 exd5 6. Bf4 Be7 7. e3 0-0 8. h3 Bf5 9. Bd3 Bxd3 10. Qxd3 Bd6 11. Bxd6 Qxd6 12. 0-0 Nbd7 13. Rac1 Rfe8 14. a3 Ne4 15. Na4 Qg6 16. Qe2 f5 17. Qc2 Rf8 18. Nc3 Rf6 19. Ne5 Nxe5 20. dxe5 Re6 21. f4 Qh5 22. Nxe4 fxe4 23. Qd1 1/2-1/2

[Event "HUN-chT2 Erkel 0910"]
[Site "Hungary"]
[Date "2010.02.28"]
[Round "7.11"]
[White "Nagy, Aron"]
[Black "Karpati, Gabor"]
[Result "1-0"]
[WhiteElo "1996"]
[BlackElo "1857"]
[PlyCount "207"]
[EventDate "2009.11.08"]
[EventType "team-tourn"]
[EventRounds "11"]
[EventCountry "HUN"]
[SourceTitle "EXT 2011"]
[Source "ChessBase"]
[SourceDate "2010.11.26"]
[SourceVersion "1"]
[SourceVersionDate "2010.11.26"]
[SourceQuality "1"]
[WhiteTeam "Husi"]
[BlackTeam "Foti"]
[WhiteTeamCountry "HUN"]
[BlackTeamCountry "HUN"]

1. d4 e6 2. c4 d5 3. Nc3 Nf6 4. cxd5 exd5 5. Bg5 c6 6. e3 Be7 7. Bd3 0-0 8. Qc2 h6 9. Bh4 Qb6 10. Nf3 Re8 11. 0-0 Nbd7 12. Rab1 Nf8 13. b4 a6 14. Na4 Qd8 15. Nc5 Nh5 16. Bxe7 Rxe7 17. Ne5 Rc7 18. Qe2 Nf6 19. Rfc1 N6d7 20. f4 f6 21. Nf3 Nxc5 22. bxc5 Bg4 23. Rb3 Qe7 24. h3 Bxf3 25. Qxf3 Rd8 26. Rcb1 Re8 27. Kf2 Ne6 28. Bc2 Nf8 29. Qg4 Rd8 30. Qf5 Qd7 31. Qd3 Re8 32. Ke2 Qf7 33. Kd2 Ree7 34. g4 Qe6 35. Qe2 Qf7 36. h4 Ne6 37. Qd3 Nf8 38. Rf1 Qe6 39. Qe2 Nh7 40. Bf5 Qf7 41. Qd3 Nf8 42. g5 fxg5 43. fxg5 Qh5 44. gxh6 Qxh4 45. Rbb1 Rf7 46. hxg7 Rxg7 47. Rbe1 Rcf7 48. Kc3 Qd8 49. Kb3 Qc7 50. Bh3 Rxf1 51. Rxf1 Qg3 52. Bf5 Re7 53. Qd1 Qxe3+ 54. Kb4 Rg7 55. Rf3 Qg1 56. Qe2 Qxd4+ 57. Kb3 Qc4+ 58. Qxc4 dxc4+ 59. Kxc4 Rg2 60. a3 Kg7 61. Bc8 Ng6 62. Rb3 Rc2+ 63. Kb4 Ne5 64. Bxb7 Rc4+ 65. Ka5 Rxc5+ 66. Kxa6 Kf8 67. Kb6 Rc1 68. a4 Nc4+ 69. Kc7 c5 70. Rf3+ Ke7 71. Rf4 Na5 72. Re4+ Kf6 73. Bd5 Kf5 74. Kb6 Nb3 75. Rc4 Ra1 76. Rh4 Nd4 77. a5 Ke5 78. Rh5+ Kd6 79. Be4 Ra3 80. Rd5+ Ke7 81. Rxc5 Ne6 82. Rb5 Kd6 83. Rd5+ Ke7 84. a6 Nc7 85. Kxc7 Rxa6 86. Bd3 Ra7+ 87. Kc6 Ra3 88. Kc5 Ra5+ 89. Bb5 Ke6 90. Rd1 Ra3 91. Re1+ Kf5 92. Kd4 Rb3 93. Bc4 Rb4 94. Rf1+ Kg5 95. Kc5 Rb2 96. Bd3 Rb3 97. Kd4 Rb4+ 98. Ke5 Rb3 99. Rg1+ Kh4 100. Be4 Re3 101. Kf4 Rb3 102. Rg2 Rc3 103. Rg4+ Kh5 104. Rg7 1-0